<?xml version="1.0" encoding="UTF-8"?>
<record
    xmlns:xsi="http://www.w3.org/2001/XMLSchema-instance"
    xsi:schemaLocation="http://www.loc.gov/MARC21/slim http://www.loc.gov/standards/marcxml/schema/MARC21slim.xsd"
    xmlns="http://www.loc.gov/MARC21/slim">

  <leader>01754nam a2200217 a 4500</leader>
  <controlfield tag="001">000048549</controlfield>
  <controlfield tag="005">20201002061231.0</controlfield>
  <controlfield tag="008">190329s2015    dr            000 m spa d</controlfield>
  <datafield tag="020" ind1=" " ind2=" ">
    <subfield code="a">9789993480136</subfield>
  </datafield>
  <datafield tag="040" ind1=" " ind2=" ">
    <subfield code="a">DO-SdBNP</subfield>
    <subfield code="b">spa</subfield>
    <subfield code="c">BNPHU</subfield>
  </datafield>
  <datafield tag="082" ind1=" " ind2=" ">
    <subfield code="a">xxxx</subfield>
    <subfield code="b">M524d</subfield>
  </datafield>
  <datafield tag="100" ind1="1" ind2=" ">
    <subfield code="a">Mella, Pablo</subfield>
    <subfield code="9">54066</subfield>
  </datafield>
  <datafield tag="245" ind1="1" ind2="0">
    <subfield code="a">Derecho, soberan&#xED;a, educaci&#xF3;n e interculturalidad :</subfield>
    <subfield code="b">reflexiones desde el contexto dominicano /</subfield>
    <subfield code="c">Pablo Mella, SJ.</subfield>
  </datafield>
  <datafield tag="260" ind1=" " ind2=" ">
    <subfield code="a">Santo Domingo :</subfield>
    <subfield code="b">Centro Bon&#xF3;,</subfield>
    <subfield code="c">2015.</subfield>
  </datafield>
  <datafield tag="300" ind1=" " ind2=" ">
    <subfield code="a">126 p. ;</subfield>
    <subfield code="c">23 cm.</subfield>
  </datafield>
  <datafield tag="490" ind1="1" ind2=" ">
    <subfield code="a">Derechos Humanos</subfield>
  </datafield>
  <datafield tag="500" ind1=" " ind2=" ">
    <subfield code="a">Incluye bibliograf&#xED;a al final de los cap&#xED;tulos</subfield>
  </datafield>
  <datafield tag="505" ind1="0" ind2=" ">
    <subfield code="a">Introducci&#xF3;n --</subfield>
    <subfield code="g">Estudio 1</subfield>
    <subfield code="t">Perspectivas del derecho intercultural. Una reflexi&#xF3;n filos&#xF3;fica --</subfield>
    <subfield code="g">Anexo del estudio 1</subfield>
    <subfield code="t">La primera comunicaci&#xF3;n del gobierno dominicano (1ero. de marzo de 1844) --</subfield>
    <subfield code="g">Estudio 2</subfield>
    <subfield code="t">Confuciones soberanas. Una nota hist&#xF3;rica de la naci&#xF3;n de soberan&#xED;a --</subfield>
    <subfield code="g">Estudio 3</subfield>
    <subfield code="t">Soberan&#xED;a y orden postwestfaliano. Reflexiones normativas --</subfield>
    <subfield code="g">Estudio 4</subfield>
    <subfield code="t">La sentencia 168-13 del Tribunal Constitucional Dominicano ante la doctrina social de la iglesia --</subfield>
    <subfield code="g">Estudio 5</subfield>
    <subfield code="t">&#xBF;Con qu&#xE9; derecho, con cu&#xE1;l justicia? El Tribunal Constitucional Dominicano y la Corte Interamericana de Derechos Humanos --</subfield>
    <subfield code="t">Anexo del estudio 5: Una reflexi&#xF3;n de Ana Mar&#xED;a Belique al finalizar el a&#xF1;o 2014 --</subfield>
    <subfield code="g">Estudio 6</subfield>
    <subfield code="t">&#xC9;tica y educaci&#xF3;n ciudadana intercultural --</subfield>
    <subfield code="g">Estudio 7</subfield>
    <subfield code="t">Para leer y escribir interculturalmente --</subfield>
    <subfield code="g">Estudio 8</subfield>
    <subfield code="t">Rep&#xFA;blica Dominicana "un pueblo caf&#xE9; con leche". Los dilemas de la historiograf&#xED;a dominicana ante la di&#xE1;spora africana --</subfield>
    <subfield code="g">Estudio 9</subfield>
    <subfield code="t">Amor y justicia. Comentario filos&#xF3;fico de la enc&#xED;clica "Dios es amor" de Benedicto XVI--.</subfield>
  </datafield>
  <datafield tag="590" ind1=" " ind2=" ">
    <subfield code="a">Inventariado, 2019/LP</subfield>
  </datafield>
  <datafield tag="830" ind1=" " ind2="0">
    <subfield code="a">Derechos Humanos</subfield>
    <subfield code="9">72126</subfield>
  </datafield>
  <datafield tag="952" ind1=" " ind2=" ">
    <subfield code="0">0</subfield>
    <subfield code="1">0</subfield>
    <subfield code="7">1</subfield>
    <subfield code="8">PD</subfield>
    <subfield code="a">PD</subfield>
    <subfield code="b">PD</subfield>
    <subfield code="c">HD</subfield>
    <subfield code="d">2019-03-29</subfield>
    <subfield code="i">LF1</subfield>
    <subfield code="l">0</subfield>
    <subfield code="o">xxxx M524d</subfield>
    <subfield code="p">48549-10</subfield>
    <subfield code="r">2020-06-25</subfield>
    <subfield code="w">2020-06-25</subfield>
    <subfield code="y">LFPD</subfield>
    <subfield code="Z">No se presta</subfield>
  </datafield>
  <datafield tag="952" ind1=" " ind2=" ">
    <subfield code="0">0</subfield>
    <subfield code="1">0</subfield>
    <subfield code="7">1</subfield>
    <subfield code="8">PD</subfield>
    <subfield code="a">PD</subfield>
    <subfield code="b">PD</subfield>
    <subfield code="c">HD</subfield>
    <subfield code="d">2019-03-29</subfield>
    <subfield code="i">LF1</subfield>
    <subfield code="l">0</subfield>
    <subfield code="o">xxxx M524d</subfield>
    <subfield code="p">48549-20</subfield>
    <subfield code="r">2020-06-25</subfield>
    <subfield code="t">e. 2</subfield>
    <subfield code="w">2020-06-25</subfield>
    <subfield code="y">LFPD</subfield>
    <subfield code="Z">No se presta</subfield>
  </datafield>
  <datafield tag="999" ind1=" " ind2=" ">
    <subfield code="c">48037</subfield>
    <subfield code="d">48037</subfield>
  </datafield>
</record>
